| 000 | 00343nam a2200145Ia 4500 | ||
|---|---|---|---|
| 005 | 20251222152700.0 | ||
| 008 | 251222s9999||||xx |||||||||||||| ||spa|| | ||
| 020 | _a3133800043 | ||
| 082 | _a610/S17 | ||
| 100 | _aThieme Verlag, George | ||
| 245 | 0 | _aMarco Mumenthaler NeurologĂa | |
| 250 | _a4ta.ed. | ||
| 264 | _bSalvat S.A | ||
| 942 | _cLIB | ||
| 999 |
_c28779 _d28779 |
||